[Event "CZE-chT2A 2223"]
[Site "Czech Republic"]
[Date "2023.03.26"]
[Round "11.6"]
[White "Nagyova, Daniela"]
[Black "Klicnar, Martin"]
[Result "1/2-1/2"]
[WhiteElo "1850"]
[BlackElo "2084"]
[PlyCount "36"]
[EventDate "2022.10.16"]
[EventType "team-tourn"]
[EventRounds "11"]
[EventCountry "CZE"]
[SourceTitle "EXT 2024"]
[Source "ChessBase"]
[SourceDate "2023.10.10"]
[SourceVersion "1"]
[SourceVersionDate "2023.10.10"]
[SourceQuality "1"]
[WhiteTeam "Budejovice"]
[BlackTeam "Pisek"]
[WhiteTeamCountry "CZE"]
[BlackTeamCountry "CZE"]

1. e4 e5 2. Nf3 Nc6 3. Bc4 Bc5 4. b4 Bxb4 5. c3 Ba5 6. d4 b5 7. Bxb5 Nxd4 8. Nxd4 exd4 9. 0-0 dxc3 10. Bc4 Ne7 11. Bxf7+ Kxf7 12. Qh5+ g6 13. Qxa5 d5 14. Nxc3 c6 15. Qa3 Be6 16. Bb2 Re8 17. f4 Qb6+ 18. Kh1 Rab8 1/2-1/2

[Event "CZE-chT2A 2223"]
[Site "Czech Republic"]
[Date "2022.10.16"]
[Round "1.7"]
[White "Hruby, Milan"]
[Black "Klicnar, Martin"]
[Result "1/2-1/2"]
[WhiteElo "2024"]
[BlackElo "2104"]
[PlyCount "24"]
[EventDate "2022.10.16"]
[EventType "team-tourn"]
[EventRounds "11"]
[EventCountry "CZE"]
[SourceTitle "EXT 2024"]
[Source "ChessBase"]
[SourceDate "2023.10.10"]
[SourceVersion "1"]
[SourceVersionDate "2023.10.10"]
[SourceQuality "1"]
[WhiteTeam "Tabor"]
[BlackTeam "Pisek"]
[WhiteTeamCountry "CZE"]
[BlackTeamCountry "CZE"]

1. d4 Nf6 2. c4 g6 3. Nc3 d5 4. cxd5 Nxd5 5. Bd2 Bg7 6. e4 Nb6 7. Be3 0-0 8. Qd2 e5 9. Nf3 exd4 10. Nxd4 Bd7 11. 0-0-0 Nc6 12. Nb3 Be6 1/2-1/2

[Event "CZE-chT2A 1920"]
[Site "Czech Republic"]
[Date "2020.01.12"]
[Round "6.4"]
[White "Klicnar, Martin"]
[Black "Vojta, Tomas"]
[Result "0-1"]
[WhiteElo "2118"]
[BlackElo "2353"]
[PlyCount "52"]
[EventDate "2019.10.13"]
[EventType "team-tourn"]
[EventRounds "11"]
[EventCountry "CZE"]
[SourceTitle "EXT 2024"]
[Source "ChessBase"]
[SourceDate "2023.10.10"]
[SourceVersion "1"]
[SourceVersionDate "2023.10.10"]
[SourceQuality "1"]
[WhiteTeam "Pisek"]
[BlackTeam "Vlasim II"]
[WhiteTeamCountry "CZE"]
[BlackTeamCountry "CZE"]

1. c4 e5 2. Nc3 Nc6 3. g3 Bc5 4. Bg2 d6 5. e3 a6 6. Nge2 Ba7 7. d4 Nge7 8. h3 exd4 9. exd4 Nf5 10. d5 Ne5 11. b3 0-0 12. 0-0 Re8 13. Bb2 Nxg3 14. Nxg3 Qh4 15. Nce2 Bxh3 16. Bxe5 Rxe5 17. Qd3 Rae8 18. Rfe1 Bf5 19. Qd2 Bg4 20. Qf4 g5 21. Qf6 Bxe2 22. Nxe2 Rxe2 23. Rxe2 Rxe2 24. Rf1 Bd4 25. Qf5 Rxa2 26. Be4 g4 0-1

[Event "CZE-chT2A 1920"]
[Site "Czech Republic"]
[Date "2019.12.15"]
[Round "5.4"]
[White "Hak, David"]
[Black "Klicnar, Martin"]
[Result "0-1"]
[WhiteElo "2120"]
[BlackElo "2118"]
[PlyCount "54"]
[EventDate "2019.10.13"]
[EventType "team-tourn"]
[EventRounds "11"]
[EventCountry "CZE"]
[SourceTitle "EXT 2024"]
[Source "ChessBase"]
[SourceDate "2023.10.10"]
[SourceVersion "1"]
[SourceVersionDate "2023.10.10"]
[SourceQuality "1"]
[WhiteTeam "Tabor"]
[BlackTeam "Pisek"]
[WhiteTeamCountry "CZE"]
[BlackTeamCountry "CZE"]

1. d4 Nf6 2. c4 g6 3. Nc3 d5 4. Nf3 Bg7 5. Qb3 dxc4 6. Qxc4 0-0 7. e4 Na6 8. e5 Nd7 9. e6 Nb6 10. exf7+ Kh8 11. Qb3 c5 12. Bxa6 cxd4 13. Be2 dxc3 14. Ng5 Qd5 15. Qb4 h6 16. Nf3 Qxf7 17. 0-0 Nd5 18. Qb3 Be6 19. Bc4 b5 20. Bxd5 Bxd5 21. Qc2 Rac8 22. b3 Bxf3 23. gxf3 Qxf3 24. Re1 Rcd8 25. Be3 Rd2 26. Qxg6 Rg8 27. Kf1 Bf8 0-1

[Event "CZE-chT2A 1819"]
[Site "Czech Republic"]
[Date "2019.03.31"]
[Round "11.4"]
[White "Klicnar, Martin"]
[Black "Kolasin, Jan"]
[Result "1-0"]
[WhiteElo "2147"]
[BlackElo "2014"]
[PlyCount "50"]
[EventDate "2018.10.14"]
[EventType "team-tourn"]
[EventRounds "11"]
[EventCountry "CZE"]
[SourceTitle "EXT 2022"]
[Source "ChessBase"]
[SourceDate "2021.10.06"]
[SourceVersion "1"]
[SourceVersionDate "2021.10.06"]
[SourceQuality "1"]
[WhiteTeam "Pisek"]
[BlackTeam "Ricany II"]
[WhiteTeamCountry "CZE"]
[BlackTeamCountry "CZE"]

1. c4 Nf6 2. Nf3 g6 3. g3 Bg7 4. Bg2 0-0 5. 0-0 d6 6. d4 Nbd7 7. Nc3 e5 8. e4 a5 9. dxe5 Nxe5 10. Nxe5 dxe5 11. Qc2 c6 12. Be3 Qc7 13. Na4 Be6 14. Bb6 Qc8 15. Bc5 Bh3 16. Bxf8 Bxg2 17. Bxg7 Bxe4 18. Qe2 Qf5 19. g4 Nxg4 20. f3 Bd3 21. fxg4 Qd7 22. Qf3 Kxg7 23. Rf2 e4 24. Nb6 Qe6 25. Qxf7+ Qxf7 1-0

[Event "CZE-chT2A 1819"]
[Site "Czech Republic"]
[Date "2019.01.27"]
[Round "7.6"]
[White "Klicnar, Martin"]
[Black "Novak, Michal"]
[Result "1-0"]
[WhiteElo "2147"]
[BlackElo "2160"]
[PlyCount "107"]
[EventDate "2018.10.14"]
[EventType "team-tourn"]
[EventRounds "11"]
[EventCountry "CZE"]
[SourceTitle "EXT 2022"]
[Source "ChessBase"]
[SourceDate "2021.10.06"]
[SourceVersion "1"]
[SourceVersionDate "2021.10.06"]
[SourceQuality "1"]
[WhiteTeam "Pisek"]
[BlackTeam "Line"]
[WhiteTeamCountry "CZE"]
[BlackTeamCountry "CZE"]

1. c4 e6 2. Nf3 Nf6 3. g3 d5 4. Bg2 c5 5. cxd5 Nxd5 6. 0-0 Nc6 7. Nc3 Be7 8. d4 Nc7 9. Be3 cxd4 10. Nxd4 Nxd4 11. Qxd4 Qxd4 12. Bxd4 0-0 13. Be5 Ne8 14. Nb5 Bf6 15. Bxf6 Nxf6 16. Rac1 h6 17. Rfd1 a6 18. Nd6 Rb8 19. Nxc8 Rbxc8 20. Bxb7 Rxc1 21. Rxc1 Rb8 22. Rc8+ Rxc8 23. Bxc8 a5 24. Kf1 Kf8 25. e3 Ke7 26. Ba6 Kd6 27. Ke2 Kc5 28. f3 Nd5 29. a3 Kb6 30. Bc4 Ne7 31. Kd3 Kc5 32. Kc3 Nf5 33. b4+ axb4+ 34. axb4+ Kb6 35. e4 Ne7 36. f4 Nc6 37. Be2 Ne7 38. Kc4 Nc6 39. Bd1 Nd8 40. Ba4 Nb7 41. e5 Nd8 42. g4 f6 43. Kd4 Nf7 44. exf6 gxf6 45. Be8 Nd8 46. h4 Kc7 47. g5 e5+ 48. Kd5 exf4 49. gxh6 f3 50. h7 f2 51. Bb5 Nf7 52. Ke6 Kb6 53. Bf1 Nh8 54. Kxf6 1-0

[Event "CZE-chT2A 1819"]
[Site "Czech Republic"]
[Date "2019.01.13"]
[Round "6.5"]
[White "Klicnar, Martin"]
[Black "Blazek, Jiri"]
[Result "0-1"]
[WhiteElo "2147"]
[BlackElo "2189"]
[PlyCount "104"]
[EventDate "2018.10.14"]
[EventType "team-tourn"]
[EventRounds "11"]
[EventCountry "CZE"]
[SourceTitle "EXT 2022"]
[Source "ChessBase"]
[SourceDate "2021.10.06"]
[SourceVersion "1"]
[SourceVersionDate "2021.10.06"]
[SourceQuality "1"]
[WhiteTeam "Pisek"]
[BlackTeam "Tabor"]
[WhiteTeamCountry "CZE"]
[BlackTeamCountry "CZE"]

1. c4 Nf6 2. Nc3 c5 3. g3 d5 4. cxd5 Nxd5 5. Bg2 Nc7 6. Nf3 Nc6 7. 0-0 e5 8. d3 Be7 9. Be3 Be6 10. Nd2 Bd7 11. Nc4 f6 12. Ne4 b6 13. Ncd6+ Kf8 14. Nc4 Ne6 15. f4 exf4 16. Bxf4 Nxf4 17. Rxf4 Qc7 18. Ne3 Qe5 19. Qd2 Rd8 20. Raf1 Be6 21. Nxf6 Bxf6 22. Bxc6 Rd4 23. Be4 Ke7 24. Nf5+ Bxf5 25. Rxf5 Qxe4 26. dxe4 Rxd2 27. e5 Rf8 28. exf6+ Rxf6 29. Rxf6 gxf6 30. Rf3 Rxb2 31. Ra3 Rxe2 32. Rxa7+ Kd6 33. h4 h5 34. Kf1 Rb2 35. a4 c4 36. Ke1 Rg2 37. a5 b5 38. a6 c3 39. Ra8 Ra2 40. Kd1 Kc5 41. a7 Kb4 42. Rh8 Rxa7 43. Rxh5 Rg7 44. Rf5 Rxg3 45. h5 Rh3 46. Kc2 Rh2+ 47. Kb1 Kc4 48. Rxf6 Kb3 49. Rf1 Rxh5 50. Ka1 b4 51. Kb1 Rd5 52. Kc1 Ra5 0-1

[Event "CZE-chT2A 1819"]
[Site "Czech Republic"]
[Date "2018.11.18"]
[Round "3.4"]
[White "Klicnar, Martin"]
[Black "Slapak, Zdenek"]
[Result "1/2-1/2"]
[WhiteElo "2147"]
[BlackElo "2087"]
[PlyCount "60"]
[EventDate "2018.10.14"]
[EventType "team-tourn"]
[EventRounds "11"]
[EventCountry "CZE"]
[SourceTitle "EXT 2022"]
[Source "ChessBase"]
[SourceDate "2021.10.06"]
[SourceVersion "1"]
[SourceVersionDate "2021.10.06"]
[SourceQuality "1"]
[WhiteTeam "Pisek"]
[BlackTeam "Strakonice"]
[WhiteTeamCountry "CZE"]
[BlackTeamCountry "CZE"]

1. e4 c5 2. Nf3 Nc6 3. d4 cxd4 4. Nxd4 e5 5. Nb5 a6 6. Nd6+ Bxd6 7. Qxd6 Qf6 8. Qd1 Qg6 9. Nc3 Nge7 10. h4 h5 11. Bg5 d5 12. exd5 Nd4 13. Bd3 Bf5 14. Bxf5 Nexf5 15. Qd3 0-0 16. 0-0-0 b5 17. f3 f6 18. Bd2 Qxg2 19. f4 Ng3 20. Rhe1 b4 21. Ne4 Nge2+ 22. Kb1 Rab8 23. c3 bxc3 24. Nxc3 Nxc3+ 25. Bxc3 Qxd5 26. Bxd4 exd4 27. Qxd4 Qxd4 28. Rxd4 Rfe8 29. Rxe8+ Rxe8 30. a4 Kf7 1/2-1/2

[Event "CZE-chT2C 1718"]
[Site "Czech Republic"]
[Date "2018.02.11"]
[Round "8.7"]
[White "Klicnar, Martin"]
[Black "Skorepa, Tomas"]
[Result "1-0"]
[WhiteElo "2117"]
[BlackElo "1997"]
[PlyCount "87"]
[EventDate "2017.10.15"]
[EventType "team-tourn"]
[EventRounds "11"]
[EventCountry "CZE"]
[SourceTitle "EXT 2022"]
[Source "ChessBase"]
[SourceDate "2021.10.06"]
[SourceVersion "1"]
[SourceVersionDate "2021.10.06"]
[SourceQuality "1"]
[WhiteTeam "Pisek"]
[BlackTeam "Jihlava Gambit"]
[WhiteTeamCountry "CZE"]
[BlackTeamCountry "CZE"]

1. c4 c6 2. Nf3 d5 3. g3 Nf6 4. Bg2 Bf5 5. b3 e6 6. Bb2 Nbd7 7. 0-0 h6 8. d3 Bb4 9. a3 Ba5 10. Nbd2 0-0 11. b4 Bb6 12. Re1 Rc8 13. e4 Bh7 14. e5 Ne8 15. c5 Bc7 16. Qe2 b6 17. d4 bxc5 18. dxc5 a5 19. Nb3 Ra8 20. Nbd4 Nb8 21. Bc3 Qd7 22. Bh3 Bd8 23. Nd2 a4 24. f4 Nc7 25. Bf1 Be7 26. Ra2 Ra7 27. g4 Rb7 28. Qf2 Nb5 29. Bxb5 cxb5 30. f5 Bg5 31. N2f3 exf5 32. Nxg5 hxg5 33. gxf5 Nc6 34. Nxc6 Qxc6 35. Qf3 Re8 36. Rf1 f6 37. e6 Bxf5 38. Qxf5 Rxe6 39. Re1 Rbe7 40. Rxe6 Rxe6 41. Rd2 Re3 42. Rd3 Rxd3 43. Qxd3 Qe6 44. Kf2 1-0

[Event "CZE-chT2C 1617"]
[Site "Czech Republic"]
[Date "2016.12.11"]
[Round "5.3"]
[White "Klicnar, Martin"]
[Black "Pychova, Nela"]
[Result "1-0"]
[WhiteElo "2117"]
[BlackElo "2161"]
[PlyCount "81"]
[EventDate "2016.10.09"]
[EventType "team-tourn"]
[EventRounds "11"]
[EventCountry "CZE"]
[SourceTitle "EXT 2022"]
[Source "ChessBase"]
[SourceDate "2021.10.06"]
[SourceVersion "1"]
[SourceVersionDate "2021.10.06"]
[SourceQuality "1"]
[WhiteTeam "Prachatice"]
[BlackTeam "Vlasim"]
[WhiteTeamCountry "CZE"]
[BlackTeamCountry "CZE"]

1. c4 Nf6 2. Nf3 e6 3. g3 b6 4. Bg2 Bb7 5. 0-0 Be7 6. b3 0-0 7. Bb2 c5 8. Nc3 d6 9. d4 Nbd7 10. e3 a6 11. Qe2 Qc7 12. e4 cxd4 13. Nxd4 Rac8 14. h3 Rfd8 15. Rfe1 Ne8 16. Rad1 Bf6 17. Kh2 Qb8 18. f4 Qa7 19. Qe3 Qa8 20. Rd2 Nc7 21. Red1 Nc5 22. b4 Nd7 23. Nf3 Be7 24. e5 d5 25. a3 a5 26. b5 a4 27. f5 Nc5 28. Nd4 Qa5 29. cxd5 exd5 30. f6 Bf8 31. Nf5 Nb3 32. fxg7 Bxg7 33. Ne7+ Kf8 34. Nxc8 Nxd2 35. Nd6 Qa8 36. Rxd2 d4 37. Qxd4 Bxg2 38. Rxg2 Ne8 39. Qf4 Nxd6 40. exd6 Qc8 41. Ne4 1-0

[Event "CZE-chT2C 1516"]
[Site "Czech Republic"]
[Date "2016.03.13"]
[Round "9.3"]
[White "Skrivanek, Jan"]
[Black "Klicnar, Martin"]
[Result "1-0"]
[WhiteElo "2201"]
[BlackElo "2123"]
[PlyCount "67"]
[EventDate "2015.10.18"]
[EventType "team-tourn"]
[EventRounds "11"]
[EventCountry "CZE"]
[SourceTitle "EXT 2022"]
[Source "ChessBase"]
[SourceDate "2021.10.06"]
[SourceVersion "1"]
[SourceVersionDate "2021.10.06"]
[SourceQuality "1"]
[WhiteTeam "Praha Dopravni podnik II"]
[BlackTeam "Pisek"]
[WhiteTeamCountry "CZE"]
[BlackTeamCountry "CZE"]

1. e4 e5 2. Nf3 Nc6 3. d4 exd4 4. Bc4 Bc5 5. c3 Nf6 6. e5 d5 7. Bb5 Ne4 8. cxd4 Bb4+ 9. Nbd2 0-0 10. 0-0 Bg4 11. Bxc6 bxc6 12. Qa4 Qb8 13. Qxc6 Nxd2 14. Nxd2 Qb6 15. Qxb6 axb6 16. Nf3 c5 17. Bd2 Bxf3 18. Bxb4 Bxg2 19. Bxc5 Bxf1 20. Bxf8 Bc4 21. Ba3 b5 22. f4 g6 23. f5 gxf5 24. Kf2 Ra6 25. Be7 Kg7 26. b3 Bd3 27. Bf6+ Kh6 28. h4 f4 29. Kf3 Rc6 30. Kxf4 Rc3 31. Rg1 Be4 32. Rg5 Bg6 33. h5 Bxh5 34. Bg7# 1-0

[Event "CZE-chT2A 1415"]
[Site "Czech Republic"]
[Date "2015.03.29"]
[Round "10.5"]
[White "Wasserbauer, Radek"]
[Black "Klicnar, Martin"]
[Result "1/2-1/2"]
[WhiteElo "2092"]
[BlackElo "2168"]
[PlyCount "31"]
[EventDate "2014.11.02"]
[EventType "team-tourn"]
[EventRounds "11"]
[EventCountry "CZE"]
[SourceTitle "EXT 2022"]
[Source "ChessBase"]
[SourceDate "2021.10.06"]
[SourceVersion "1"]
[SourceVersionDate "2021.10.06"]
[SourceQuality "1"]
[WhiteTeam "Kladno"]
[BlackTeam "Pisek"]
[WhiteTeamCountry "CZE"]
[BlackTeamCountry "CZE"]

1. e4 c6 2. d4 d5 3. f3 dxe4 4. fxe4 e5 5. Nf3 Be6 6. dxe5 Qxd1+ 7. Kxd1 Nd7 8. Bf4 Ne7 9. h3 Ng6 10. Bh2 0-0-0 11. Bd3 Bb4 12. Ke2 Ba5 13. Nbd2 Bc7 14. Nc4 Bxc4 15. Bxc4 Ngxe5 16. Nxe5 1/2-1/2

[Event "CZE-chT2A 1314"]
[Site "Czech Republic"]
[Date "2014.04.06"]
[Round "11.2"]
[White "Klicnar, Martin"]
[Black "Filipi, Stepan"]
[Result "0-1"]
[WhiteElo "2200"]
[BlackElo "2139"]
[PlyCount "56"]
[EventDate "2013.11.03"]
[EventType "team-tourn"]
[EventRounds "11"]
[EventCountry "CZE"]
[SourceTitle "EXT 2015"]
[Source "ChessBase"]
[SourceDate "2014.11.20"]
[SourceVersion "1"]
[SourceVersionDate "2014.11.20"]
[SourceQuality "1"]
[WhiteTeam "Pisek"]
[BlackTeam "Vysehrad II"]
[WhiteTeamCountry "CZE"]
[BlackTeamCountry "CZE"]

1. c4 Nf6 2. Nf3 g6 3. g3 Bg7 4. Bg2 d6 5. d4 c6 6. 0-0 0-0 7. b3 Qa5 8. Bb2 Qh5 9. Re1 Bh3 10. Bh1 Nbd7 11. Nbd2 Ng4 12. Qc2 e5 13. dxe5 dxe5 14. e4 f5 15. exf5 gxf5 16. Nf1 Rf7 17. Bg2 Bxg2 18. Kxg2 e4 19. Ng1 Nde5 20. Red1 Nd3 21. Bxg7 Rxg7 22. f3 Nge5 23. fxe4 fxe4 24. Rd2 Rf8 25. Nh3 Rf6 26. Nf2 Qf3+ 27. Kg1 Nf4 28. Qxe4 Nh3+ 0-1

[Event "CZE-chT2A 1314"]
[Site "Czech Republic"]
[Date "2014.03.23"]
[Round "10.6"]
[White "Skut, Michal"]
[Black "Klicnar, Martin"]
[Result "1-0"]
[WhiteElo "2000"]
[BlackElo "2200"]
[PlyCount "107"]
[EventDate "2013.11.03"]
[EventType "team-tourn"]
[EventRounds "11"]
[EventCountry "CZE"]
[SourceTitle "EXT 2015"]
[Source "ChessBase"]
[SourceDate "2014.11.20"]
[SourceVersion "1"]
[SourceVersionDate "2014.11.20"]
[SourceQuality "1"]
[WhiteTeam "Klatovy"]
[BlackTeam "Pisek"]
[WhiteTeamCountry "CZE"]
[BlackTeamCountry "CZE"]

1. e4 e5 2. Nf3 Nc6 3. Nc3 Nf6 4. d4 exd4 5. Nxd4 Nxe4 6. Nxe4 Qe7 7. f3 d5 8. Bb5 Bd7 9. Bxc6 bxc6 10. 0-0 dxe4 11. Re1 Qf6 12. Rxe4+ Be7 13. Bf4 0-0-0 14. Be5 Qg5 15. Qd3 Bc5 16. b4 Bb6 17. Qa6+ Kb8 18. c4 Bc8 19. Qa3 Rxd4 20. Bxd4 f5 21. Bxb6 axb6 22. Rd4 Re8 23. Qd3 f4 24. Qd2 Re3 25. Rd3 Qe5 26. Rxe3 fxe3 27. Qe1 Be6 28. Rc1 e2 29. Kh1 Bf5 30. a4 Bd3 31. a5 b5 32. cxb5 Bxb5 33. Qd2 Kb7 34. g3 g5 35. Kg2 h5 36. Kf2 g4 37. f4 Qe4 38. Qe3 Qxb4 39. f5 Qd6 40. Re1 h4 41. Rxe2 Bxe2 42. Kxe2 Qd5 43. a6+ Ka8 44. Qd3 Qe5+ 45. Kd2 Qb2+ 46. Ke3 Qc1+ 47. Ke4 Qh1+ 48. Kf4 Ka7 49. Kxg4 Qxh2 50. gxh4 Qg2+ 51. Kf4 Qg7 52. Qe3+ Kxa6 53. Qe6 Kb5 54. Qe5+ 1-0

[Event "CZE-chT2A 1314"]
[Site "Czech Republic"]
[Date "2013.12.15"]
[Round "4.4"]
[White "Nemec, Roman"]
[Black "Klicnar, Martin"]
[Result "0-1"]
[WhiteElo "1893"]
[BlackElo "2200"]
[PlyCount "106"]
[EventDate "2013.11.03"]
[EventType "team-tourn"]
[EventRounds "11"]
[EventCountry "CZE"]
[SourceTitle "EXT 2015"]
[Source "ChessBase"]
[SourceDate "2014.11.20"]
[SourceVersion "1"]
[SourceVersionDate "2014.11.20"]
[SourceQuality "1"]
[WhiteTeam "Strakonice"]
[BlackTeam "Pisek"]
[WhiteTeamCountry "CZE"]
[BlackTeamCountry "CZE"]

1. e4 e5 2. Nf3 Nc6 3. d4 exd4 4. Nxd4 Qh4 5. Nxc6 Qxe4+ 6. Qe2 Qxe2+ 7. Bxe2 dxc6 8. Be3 Bf5 9. c3 Nf6 10. Nd2 Nd5 11. Nc4 0-0-0 12. 0-0 Nxe3 13. Nxe3 Bg6 14. Rfd1 Bc5 15. Rxd8+ Rxd8 16. Rd1 Bxe3 17. fxe3 Rxd1+ 18. Bxd1 Kd7 19. Kf2 Be4 20. Bf3 Bd5 21. a3 Kd6 22. e4 Bb3 23. Ke3 Ke5 24. g3 c5 25. Kd3 c4+ 26. Ke3 Bc2 27. Bg2 h5 28. Bf3 g6 29. Bg2 f6 30. Bf3 Ba4 31. Be2 Bc6 32. Bxc4 Bxe4 33. Bf7 Bb1 34. b4 Kf5 35. h3 Kg5 36. b5 h4 37. g4 f5 38. gxf5 Bxf5 39. Bd5 b6 40. Bg2 Bd7 41. a4 Kf5 42. Kd4 Kf4 43. c4 Kg3 44. Be4 Bxh3 45. Bxg6 Bg2 46. Bf5 Kf4 47. Bc8 h3 48. Bxh3 Bxh3 49. c5 Bg2 50. cxb6 cxb6 51. Kc4 Ke4 52. Kb4 Kd4 53. a5 Bf1 0-1

[Event "CZE-chT2C 1213"]
[Site "Czech Republic"]
[Date "2013.02.03"]
[Round "8.3"]
[White "Ptak, Pavel"]
[Black "Klicnar, Martin"]
[Result "1/2-1/2"]
[WhiteElo "2165"]
[BlackElo "2174"]
[PlyCount "66"]
[EventDate "2012.10.14"]
[EventType "team-tourn"]
[EventRounds "11"]
[EventCountry "CZE"]
[SourceTitle "EXT 2015"]
[Source "ChessBase"]
[SourceDate "2014.11.20"]
[SourceVersion "1"]
[SourceVersionDate "2014.11.20"]
[SourceQuality "1"]
[WhiteTeam "Pisek"]
[BlackTeam "Cesky Krumlov"]
[WhiteTeamCountry "CZE"]
[BlackTeamCountry "CZE"]

1. d4 Nf6 2. g3 g6 3. Bg2 Bg7 4. e4 d6 5. Ne2 0-0 6. Nbc3 e5 7. h3 b6 8. 0-0 Ba6 9. Re1 Nc6 10. dxe5 dxe5 11. Bg5 Nb4 12. Nd5 Nbxd5 13. exd5 h6 14. Be3 Ne8 15. Qd2 Kh7 16. b3 Nd6 17. c4 Qd7 18. Nc3 Nf5 19. Rad1 Rad8 20. a4 Nxe3 21. Qxe3 f5 22. Nb5 Bxb5 23. axb5 e4 24. f3 exf3 25. Qxf3 Rde8 26. Qf4 Re7 27. d6 cxd6 28. Bc6 Qd8 29. Rxe7 Qxe7 30. Qxd6 Qe3+ 31. Kh1 f4 32. Qd3 Rf7 33. Be4 Qxd3 1/2-1/2

[Event "CZE-chT2C 1213"]
[Site "Czech Republic"]
[Date "2012.12.16"]
[Round "5.2"]
[White "Klicnar, Martin"]
[Black "Taborsky, Rostislav"]
[Result "1/2-1/2"]
[WhiteElo "2174"]
[BlackElo "2254"]
[PlyCount "23"]
[EventDate "2012.10.14"]
[EventType "team-tourn"]
[EventRounds "11"]
[EventCountry "CZE"]
[SourceTitle "EXT 2015"]
[Source "ChessBase"]
[SourceDate "2014.11.20"]
[SourceVersion "1"]
[SourceVersionDate "2014.11.20"]
[SourceQuality "1"]
[WhiteTeam "Cesky Krumlov"]
[BlackTeam "Praha Bohemians II"]
[WhiteTeamCountry "CZE"]
[BlackTeamCountry "CZE"]

1. c4 e5 2. Nc3 Nf6 3. Nf3 Nc6 4. g3 Bb4 5. Bg2 0-0 6. Nd5 Nxd5 7. cxd5 Nd4 8. Nxd4 exd4 9. 0-0 c5 10. e3 d6 11. a3 Ba5 12. exd4 1/2-1/2

[Event "CZE-chT2A 1112"]
[Site "Czech Republic"]
[Date "2012.04.22"]
[Round "11"]
[White "Klicnar, Martin"]
[Black "Korostenski, Frantisek"]
[Result "1/2-1/2"]
[WhiteElo "2157"]
[BlackElo "2183"]
[PlyCount "87"]
[EventDate "2011.10.09"]
[EventType "team-tourn"]
[EventRounds "11"]
[EventCountry "CZE"]
[SourceTitle "EXT 2013"]
[Source "ChessBase"]
[SourceDate "2012.11.22"]
[SourceVersion "1"]
[SourceVersionDate "2012.11.22"]
[SourceQuality "1"]
[WhiteTeam "Zizkov"]
[BlackTeam "Cesky Krumlov"]
[WhiteTeamCountry "CZE"]
[BlackTeamCountry "CZE"]

1. c4 Nc6 2. Nc3 e5 3. g3 f5 4. Bg2 Nf6 5. d3 d6 6. e3 g6 7. Nge2 Bg7 8. Nd5 0-0 9. 0-0 Ne7 10. Nxf6+ Bxf6 11. Rb1 c6 12. b4 Be6 13. b5 Qd7 14. bxc6 bxc6 15. Ba3 Rab8 16. Qa4 c5 17. Qa6 Rfc8 18. Rfc1 Qc7 19. Nc3 Rb6 20. Rxb6 axb6 21. Rb1 e4 22. Nb5 Qd8 23. Bf1 exd3 24. Bxd3 d5 25. Na7 Ra8 26. Bxc5 Nc8 27. Bxb6 Qd7 28. cxd5 Qxd5 29. Bf1 Qxa2 30. Qxa2 Bxa2 31. Nxc8 Bxb1 32. Nd6 Ba2 33. Bc4+ Bxc4 34. Nxc4 Kf7 35. Kg2 Ke6 36. Nd2 Kd5 37. Nf3 g5 38. Bd4 Be7 39. h3 h5 40. g4 fxg4 41. hxg4 h4 42. Ng1 Ra2 43. Nh3 Ke4 44. Ng1 1/2-1/2

[Event "CZE-chT2A 1112"]
[Site "Czech Republic"]
[Date "2011.12.04"]
[Round "4"]
[White "Blecha, Miroslav"]
[Black "Klicnar, Martin"]
[Result "0-1"]
[WhiteElo "2235"]
[BlackElo "2157"]
[PlyCount "106"]
[EventDate "2011.10.09"]
[EventType "team-tourn"]
[EventRounds "11"]
[EventCountry "CZE"]
[SourceTitle "EXT 2013"]
[Source "ChessBase"]
[SourceDate "2012.11.22"]
[SourceVersion "1"]
[SourceVersionDate "2012.11.22"]
[SourceQuality "1"]
[WhiteTeam "Plzen Letna"]
[BlackTeam "Zizkov"]
[WhiteTeamCountry "CZE"]
[BlackTeamCountry "CZE"]

1. e4 e5 2. Nf3 Nc6 3. Bb5 a6 4. Ba4 Nf6 5. 0-0 Be7 6. Re1 b5 7. Bb3 0-0 8. h3 d6 9. c3 Nb8 10. d4 Nbd7 11. Nbd2 Bb7 12. Bc2 Re8 13. Nf1 Bf8 14. Ng3 g6 15. a4 c5 16. d5 Qc7 17. b4 bxa4 18. Bxa4 Reb8 19. Bg5 h6 20. Be3 a5 21. b5 c4 22. Nd2 Nb6 23. Bxb6 Qxb6 24. Qf3 Nd7 25. Nxc4 Qc7 26. Nb2 Nc5 27. Rec1 Bc8 28. c4 Be7 29. Bd1 Bd8 30. Rc3 Qe7 31. Qe3 Kh7 32. Bg4 Bb6 33. Qe2 Ra7 34. Rca3 Bd7 35. Bxd7 Qxd7 36. Nf1 f5 37. exf5 gxf5 38. Na4 Nxa4 39. Rxa4 Rg8 40. R1a3 f4 41. Nd2 Qd8 42. Nf3 Rag7 43. Ne1 Bc5 44. Rb3 Bb4 45. Kf1 Qb6 46. Nd3 Rxg2 47. Qe4+ Kh8 48. Qxg2 Rxg2 49. Kxg2 Qd4 50. Nxb4 e4 51. Raa3 f3+ 52. Rxf3 exf3+ 53. Rxf3 axb4 0-1

[Event "CZE-chT2A 1011"]
[Site "Czech Republic"]
[Date "2011.03.06"]
[Round "9.5"]
[White "Klicnar, Martin"]
[Black "Odehnal, Jaroslav"]
[Result "1/2-1/2"]
[WhiteElo "2168"]
[BlackElo "2100"]
[PlyCount "31"]
[EventDate "2010.10.17"]
[EventType "team-tourn"]
[EventRounds "11"]
[EventCountry "CZE"]
[SourceTitle "EXT 2012"]
[Source "ChessBase"]
[SourceDate "2011.11.24"]
[SourceVersion "1"]
[SourceVersionDate "2011.11.24"]
[SourceQuality "1"]
[WhiteTeam "Zizkov"]
[BlackTeam "Tabor II"]
[WhiteTeamCountry "CZE"]
[BlackTeamCountry "CZE"]

1. e4 d5 2. exd5 Nf6 3. d4 Nxd5 4. c4 Nb6 5. Nf3 g6 6. Be2 Bg7 7. 0-0 0-0 8. Nc3 Nc6 9. c5 Nd5 10. Qb3 Be6 11. Qxb7 Nxd4 12. Nxd4 Bxd4 13. Rd1 Bxc3 14. bxc3 Qb8 15. Qxb8 Raxb8 16. Bd2 1/2-1/2

[Event "CZE-chT2A 1011"]
[Site "Czech Republic"]
[Date "2011.02.20"]
[Round "8"]
[White "Boukal, Petr"]
[Black "Klicnar, Martin"]
[Result "1-0"]
[WhiteElo "2210"]
[BlackElo "2168"]
[PlyCount "62"]
[EventDate "2010.10.17"]
[EventType "team-tourn"]
[EventRounds "11"]
[EventCountry "CZE"]
[SourceTitle "EXT 2012"]
[Source "ChessBase"]
[SourceDate "2011.11.24"]
[SourceVersion "1"]
[SourceVersionDate "2011.11.24"]
[SourceQuality "1"]
[WhiteTeam "Vysehrad II"]
[BlackTeam "Zizkov"]
[WhiteTeamCountry "CZE"]
[BlackTeamCountry "CZE"]

1. e4 e5 2. Nf3 Nc6 3. Bc4 Bc5 4. d3 Nf6 5. c3 d6 6. h3 h6 7. Nbd2 0-0 8. Bb3 Be6 9. Nf1 d5 10. Ng3 Qd7 11. Bc2 a5 12. Qe2 Rfe8 13. Nh4 Rad8 14. Nhf5 Ne7 15. Nxe7+ Rxe7 16. 0-0 Bxh3 17. gxh3 Qxh3 18. Qf3 dxe4 19. dxe4 Re6 20. Qg2 Qg4 21. Nf5 Qxg2+ 22. Kxg2 Nh5 23. Rd1 Rg6+ 24. Ng3 Rxd1 25. Bxd1 Nf6 26. Be3 Bf8 27. Bf3 Ng4 28. Bxg4 Rxg4 29. f3 Rg6 30. Rd1 Re6 31. Rd7 g6 1-0